Statystyki dla Największe miasta W Kanadzie

Kliknij tutaj aby rozwiązać quiz!

Ogólne statystyki

  • Ten quiz został rozwiązany 610 razy
  • Średni wynik to 7 z 30

Statystyki odpowiedzi

LPLiczba mieszkańców (2006)ProwincjaMiasto% Poprawnych
4812 tysOntarioOttawa
92%
12,5 mlnOntarioToronto
92%
8578 tysKolumbia BrytyjskaVancouver
76%
21,6 mlnQuebecMontreal
75%
31,0 mlnAlbertaCalgary
50%
5730 tysAlbertaEdmonton
50%
7633 tysManitobaWinnipeg
37%
10491 tysQuebecQuebec City
32%
13372 tysNowa SzkocjaHalifax
20%
9504 tysOntarioHamilton
18%
24179 tysSaskatchewanRegina
18%
6668 tysOntarioMississauga
17%
15352 tysOntarioLondon
15%
23202 tysSaskatchewanSaskatoon
15%
29157 tysOntarioSudbury
9%
11433 tysOntarioBrampton
7%
12394 tysKolumbia BrytyjskaSurrey
7%
20216 tysOntarioWindsor
7%
25174 tysKolumbia BrytyjskaRichmond
6%
22202 tysKolumbia BrytyjskaBurnaby
4%
21204 tysOntarioKitchener
4%
14368 tysQuebecLaval
4%
26165 tysOntarioOakville
4%
28162 tysOntarioRichmond Hill
3%
30147 tysQuebecSherbrooke
3%
18238 tysOntarioVaughan
3%
27164 tysOntarioBurlington
2%
17242 tysQuebecGatineau
2%
16261 tysOntarioMarkham
2%
19229 tysQuebecLongueil
0%

Rozkład punktacji

Percentyl według liczby udzielonych odpowiedzi

Procent ludzi z każdym wynikiem

Twoja historia wyników

Nie rozwiązałeś tego quizu